Ron Livingston Filmography - Statistics

General Stats
  • This quiz has been taken 8 times
  • The average score is 2 of 108
Answer Stats
Type Year Name % Correct
Film 2016 The 5th Wave
100%
Web Series 2022-2023 Pantheon
33%
TV Show 2002-2003 Sex and the City
33%
Film 2013 The Conjuring
33%
Film 2023 The Flash
33%
Film 2011 10 Years
0%
TV Film 2003 44 Minutes: The North Hollywood Shoot-Out
0%
Web Series 2020 50 States of Fright
0%
Film 2002 Adaptation.
0%
Film 2015 Addicted to Fresno
0%
TV Show 2015 Adventure Time
0%
Film 2008 American Crude
0%
TV Show 2005, 2006, 2007 American Dad!
0%
TV Show 2018-2023 A Million Little Things
0%
Short Film 2011 AppleBox
0%
Film 2000 A Rumor of Angels
0%
TV Mini-Series 2001 Band of Brothers
0%
Film 2000 Beat
0%
TV Show 2013 Boardwalk Empire
0%
Film 1999 Body Shots
0%
TV Documentary 2006 Brothers in Arms: The Untold Story of the 502
0%
Film 2002 Buying the Cow
0%
Film 1997 Campfire Tales
0%
Web Series 2021 Creepshow
0%
TV Show 2009 Defying Gravity
0%
TV Show 2017 Dice
0%
Film 2015 Digging for Fire
0%
Film 1999 Dill Scallion
0%
Film 2010 Dinner for Schmucks
0%
Film 2013 Drinking Buddies
0%
TV Show 2006 Family Guy
0%
Film 2014 Fort Bliss
0%
TV Film 2012 Game Change
0%
Film 2010 Going the Distance
0%
Video Game 2010 Halo: Reach
0%
Film 2006 Holly
0%
Film 2020 Holly Slept Over
0%
TV Show 2005 House
0%
Commercial 2004 HP
0%
Theater 2007 In a Dark Dark House
0%
Web Series 2011 Issues
0%
TV Show 1995 JAG
0%
Film 2015 James White
0%
Film TBA Killing Castro
0%
Film 2003 King of the Ants
0%
TV Show 2017 Kings of Con
0%
Short Film 2010 Lawyers
0%
Film 2011 Leave
0%
Short Film 2006 Life Happens
0%
Film 2004 Little Black Book
0%
TV Show 2017-2020 Loudermilk
0%
Film 2017 Lucky
0%
Film 2008 McCartney's Genes
0%
Film 2007 Music Within
0%
TV Mini-Series 2006 Nightmares & Dreamscapes: From the Stories of Stephen King
0%
Film 1999 Office Space
0%
Film 2013 Parkland
0%
Short Film 2003 Pirates
0%
TV Show 1997 Players
0%
Film 2005 Pretty Persuasion
0%
Film 2012 Queens of Country
0%
Film 2006 Relative Strangers
0%
TV Mini-Series 2015 Saints & Strangers
0%
TV Show 2016-2021 Search Party
0%
Film 2016 Shangri-La Suite
0%
Film 2017 Shimmer Lake
0%
Film 2023 Sitting in Bars with Cake
0%
Short Film 1994 Some Folks Call It a Sling Blade
0%
Commercial 2006 Sprint
0%
TV Show 2006-2007 Standoff
0%
Film 2005 Stewie Griffin: The Untold Story
0%
Film 1992 Straight Talk
0%
Film 1996 Swingers
0%
TV Show 1998 That's Life
0%
Film 1999 The Big Brass Ring
0%
Film 2003 The Cooler
0%
Film 2015 The End of the Tour
0%
Film 2022 The Estate
0%
Film 2023 The Featherweight
0%
Film 2005 The Life Coach
0%
Film 2018 The Long Dumb Road
0%
Film 1995 The Low Life
0%
Film 2018 The Man Who Killed Hitler and Then the Bigfoot
0%
TV Show 2000 Then Came You
0%
Film 2012 The Odd Life of Timothy Green
0%
TV Show 2001-2002 The Practice
0%
Film 2013 The Pretty One
0%
Film 2018 The Professor
0%
Documentary 2009 The Real Revolutionaries
0%
Web Series 2018 The Romanoffs
0%
Film 2021 The Same Storm
0%
Short Film 2013 The Sidekick
0%
Film 1997 The Small Hours
0%
Short Film 2008 The Spleenectomy
0%
Film 2021 The Tender Bar
0%
Film 2009 The Time Traveler's Wife
0%
TV Show 1997 Timecop
0%
Film 2013 Touchy Feely
0%
TV Show 1996 Townies
0%
Film 2018 Tully
0%
Film 1999 Two Ninas
0%
Film 2015 Vacation
0%
TV Documentary 2003 VH1 50 Greatest Album Covers
0%
TV Pilot 2014 We Hate Paul Revere
0%
Short Film 2017 Welcome to America
0%
Film 2004 Winter Solstice
0%
Commercial 2006 World of Warcraft
0%
Documentary Mini-Series 2009 WWII in HD
0%
No matching quizzes found
Score Distribution
Percent of People with Each Score
Percentile by Number Answered
Your Score History
You have not taken this quiz